00391nam a2200085Ia 4500008004100000245010100041260000900142300012200151650003200273180130s9999 xx 000 0 und d cBernstein, ShmuelaDedalus and Icarus: thoughts on relations between fathers and adolescent sons c2014 aBook title: Play : psychoanalytic perspectives, survival and human development--Acession number C18636; pages 160-171 aPLAY--PSYCHOLOGICAL ASPECTS